Catalog

Record Details

Catalog Search



I survived the Great Molasses Flood, 1919 / ... Read More

Tarshis, Lauren.(Author).
Ball, Georgia,(author.). Tarshis, Lauren. Graphic novelization of (work): I survived the Great Molasses Flood, 1919.(Added Author).

Available copies

  • 1 of 3 copies available at LARL/NWRL Consortium.
  • 0 of 2 copies available at Lake Agassiz Regional Library. (Show preferred library)

Current holds

1 current hold with 3 total copies.

Show Only Available Copies
Location Call Number / Copy Notes Barcode Shelving Location Status Due Date
Crookston Public Library J G TAR (Text) 33500014181713 Main Checked out 05/22/2026
Fertile Public Library J G TAR (Text) 33500014181721 Main On holds shelf -
Hallock Public Library j G TAR (Text) 35500006869547 Main Available -

Record details

  • ISBN: 9781546110378
  • ISBN: 1546110372
  • ISBN: 9781546110385
  • ISBN: 1546110380
  • ISBN: 9798896591481
  • Physical Description: 146 pages : color illustrations ; 24 cm
  • Edition: First edition.
  • Publisher: New York : Graphix, 2025.

Content descriptions

Bibliography, etc. Note:
Includes bibliographical references.
Summary, etc.:
When the massive metal tank filled with sticky ... Read More
Target Audience Note:
Ages 7-10 Graphix.
Grades 2-3 Graphix.
Subject: Floods > Juvenile fiction.
Industrial accidents > Juvenile fiction.
Molasses > Juvenile fiction.
Survival > Juvenile fiction.
Boston (Mass.) > History > 1865- > Juvenile fiction.
Floods > Fiction.
Industrial accidents > Fiction.
Molasses > Fiction.
Survival > Fiction.
Boston (Mass.) > History > 1865- > Fiction.
JUVENILE FICTION / Comics & Graphic Novels / Action & Adventure.
JUVENILE FICTION / Historical / United States / 20th Century.
Floods > Comic books, strips, etc.
Industrial accidents > Comic books, strips, etc.
Molasses > Comic books, strips, etc.
Boston (Mass.) > History > 1865- > Comic books, strips, etc.
Genre: Historical comics.
Graphic novel adaptations.
Graphic novels.
LDR 03401cam a22007818i 4500
001458211
003LARL_NWRL_CONSORTIUM
00520250527151333.0
008240903s2025 nyua b b 000 1 eng
010 . ‡a 2024040371
040 . ‡aDLC ‡beng ‡erda ‡cDLC ‡dOCLCO ‡dIG# ‡dOCLCO ‡dCHILD ‡dJTH ‡dHBP ‡dIK2
019 . ‡a1490001744
020 . ‡a9781546110378 ‡q(paperback)
020 . ‡a1546110372 ‡q(paperback)
020 . ‡a9781546110385 ‡q(hardcover)
020 . ‡a1546110380 ‡q(hardcover)
020 . ‡a9798896591481 ‡q(Penworthy)
020 . ‡z9781546110392 ‡q(ebk)
035 . ‡a(OCoLC)1454585972 ‡z(OCoLC)1490001744
042 . ‡apcc
043 . ‡an-us-ma
08200. ‡a741.5/973 ‡223
084 . ‡aJUV008040 ‡aJUV016150 ‡2bisacsh
1001 . ‡aTarshis, Lauren. ‡0(LARL_NWRL_CONSORTIUM)184186
24510. ‡aI survived the Great Molasses Flood, 1919 / ‡cadapted by Georgia Ball ; art by Karen De la Vega.
250 . ‡aFirst edition.
264 1. ‡aNew York : ‡bGraphix, ‡c2025.
300 . ‡a146 pages : ‡bcolor illustrations ; ‡c24 cm
336 . ‡atext ‡btxt ‡2rdacontent
336 . ‡astill image ‡bsti ‡2rdacontent
337 . ‡aunmediated ‡bn ‡2rdamedia
338 . ‡avolume ‡bnc ‡2rdacarrier
4900 . ‡aI survived graphic novel ; ‡v11
504 . ‡aIncludes bibliographical references.
521 . ‡aAges 7-10 ‡bGraphix.
521 . ‡aGrades 2-3 ‡bGraphix.
520 . ‡aWhen the massive metal tank filled with sticky brown molasses that rises up over her crowded North End neighborhood explodes, young Carmen must fight for her life, as a tsunami of molasses rushes through the streets.
650 0. ‡aFloods ‡vJuvenile fiction.
650 0. ‡aIndustrial accidents ‡vJuvenile fiction.
650 0. ‡aMolasses ‡vJuvenile fiction.
650 0. ‡aSurvival ‡vJuvenile fiction.
651 0. ‡aBoston (Mass.) ‡xHistory ‡y1865- ‡vJuvenile fiction.
650 1. ‡aFloods ‡vFiction. ‡0(LARL_NWRL_CONSORTIUM)164984
650 1. ‡aIndustrial accidents ‡vFiction.
650 1. ‡aMolasses ‡vFiction.
650 1. ‡aSurvival ‡vFiction.
651 1. ‡aBoston (Mass.) ‡xHistory ‡y1865- ‡vFiction.
650 7. ‡aJUVENILE FICTION / Comics & Graphic Novels / Action & Adventure. ‡2bisacsh
650 7. ‡aJUVENILE FICTION / Historical / United States / 20th Century. ‡2bisacsh
650 7. ‡aFloods ‡vComic books, strips, etc. ‡2sears
650 7. ‡aIndustrial accidents ‡vComic books, strips, etc. ‡2sears
650 7. ‡aMolasses ‡vComic books, strips, etc. ‡2sears
651 7. ‡aBoston (Mass.) ‡xHistory ‡y1865- ‡vComic books, strips, etc. ‡2sears
655 7. ‡aHistorical comics. ‡2lcgft
655 7. ‡aGraphic novel adaptations. ‡2lcgft
655 7. ‡aGraphic novels. ‡2lcgft
7001 . ‡aBall, Georgia, ‡eauthor. ‡1https://id.oclc.org/worldcat/entity/E39PCjC4d49W8PXYVCWb8TYjcq
7001 . ‡iGraphic novelization of (work): ‡aTarshis, Lauren. ‡tI survived the Great Molasses Flood, 1919.
905 . ‡uvanderl
901 . ‡a458211 ‡bAUTOGEN ‡c458211 ‡tbiblio ‡soclc

Additional Resources